Sports Quiz

Random Sports or NFL Quiz
Score 0/60 Timer 09:00
0 Plays Today
Hint Answer % Correct
40 Passing TDs in a SeasonPeyton Manning
92.9%
Superbowl MVPsBart Starr
91.9%
NFL FranchisesChicago Bears
89.4%
Superbowl LosersKansas City Chiefs
89.4%
40 Passing TDs in a SeasonDan Marino
88.7%
500 Passing Yards in a GameDan Marino
87.6%
NFL FranchisesGreen Bay Packers
87.3%
40 Passing TDs in a SeasonTom Brady
87.3%
Superbowl LosersBaltimore Colts
84.8%
Superbowl MVPsJoe Namath
84.1%
2,000 Rushing Yards in a SeasonO.J. Simpson
84.1%
Superbowl LosersDallas Cowboys
82.7%
2,000 Rushing Yards in a SeasonEric Dickerson
82.3%
Coaches with 2+ Superbowl Wins†Vince Lombardi
80.6%
Superbowl LosersMinnesota Vikings
80.6%
40 Passing TDs in a SeasonDrew Brees
78.4%
NFL FranchisesNew York Giants
77.7%
Superbowl LosersOakland Raiders
77.4%
AP NFL MVPsJim Brown
77%
NFL FranchisesDetroit Lions
75.3%
Coaches with 2+ Superbowl Wins†Don Shula
75.3%
2,000 Rushing Yards in a SeasonBarry Sanders
74.9%
2,000 Rushing Yards in a SeasonJamal Lewis
74.6%
AP NFL MVPsJim Taylor
72.8%
Yearly Sack LeaderLawrence Taylor
72.8%
2,000 Rushing Yards in a SeasonTerrell Davis
70.3%
AP NFL MVPsJohnny Unitas
69.3%
Coaches with 2+ Superbowl Wins†Chuck Noll
68.2%
Coaches with 2+ Superbowl Wins†Tom Landry
68.2%
Superbowl MVPsLen Dawson
67.1%
Hint Answer % Correct
Yearly Sack LeaderReggie White
59.4%
Superbowl MVPsRoger Staubach
58.3%
Rookie of the Year QBsVince Young
57.2%
College with Player Drafted into the NFL*Alabama
57.2%
NFL FranchisesArizona Cardinals
56.5%
College with Player Drafted into the NFL*Notre Dame
54.4%
40 Passing TDs in a SeasonKurt Warner
54.4%
2014 Draft PicksJadeveon Clowney
53.7%
Rookie of the Year QBsBen Roethlisberger
53.7%
Rookie of the Year QBsMatt Ryan
46.6%
500 Passing Yards in a GameY.A. Tittle
44.9%
500 Passing Yards in a GameNorm van Brocklin
44.8%
2014 Draft PicksBlake Bortles
43.1%
AP NFL MVPsNorm van Brocklin
42.4%
Rookie of the Year QBsSam Bradford
41%
Coaches with 2+ Superbowl Wins†Tom Flores
40.6%
Yearly Sack LeaderMark Gastineau
37.8%
Superbowl MVPsChuck Howley
33.6%
College with Player Drafted into the NFL*Iowa
33.6%
2014 Draft PicksSammy Watkins
31.4%
AP NFL MVPsPaul Hornung
29.7%
500 Passing Yards in a GamePhil Simms
29.3%
College with Player Drafted into the NFL*TCU
24.7%
2014 Draft PicksGreg Robinson
23.3%
2014 Draft PicksKhalil Mack
23.3%
Yearly Sack LeaderRichard Dent
21.9%
Yearly Sack LeaderDoug Martin
17.3%
College with Player Drafted into the NFL*Chicago
15.9%
500 Passing Yards in a GameVince Ferragamo
8.5%
Rookie of the Year QBsDennis Shaw
6.7%
Remove Ads.
Support Sporcle.
Get the best of Sporcle when you Go Orange. This ad-free experience offers more features, more stats, and more fun while also helping to support Sporcle. Thank you for becoming a member.

You're not logged in!

Compare scores with friends on all Sporcle quizzes.
OR
Log In

Show Comments

Extras

Top Quizzes Today


Score Distribution

Your Account Isn't Verified!

In order to create a playlist on Sporcle, you need to verify the email address you used during registration. Go to your Sporcle Settings to finish the process.

Report this User

Report this user for behavior that violates our Community Guidelines.

Details: